Ngày mai của những ngày mai

Gespeichert in:
Bibliographische Detailangaben
1. Verfasser: Nguyễn, Ngọc Tư
Format: Buch
Sprache:Undetermined
Veröffentlicht: Hà Nội Văn học 2015
Schlagworte:
Tags: Tag hinzufügen
Keine Tags, Fügen Sie den ersten Tag hinzu!
Thư viện lưu trữ: Trung tâm Học liệu Trường Đại học Cần Thơ
LEADER 00604nam a2200205Ia 4500
001 CTU_216930
008 210402s9999 xx 000 0 und d
020 |c 65000 
082 |a 895.92284 
082 |b T550 
100 |a Nguyễn, Ngọc Tư 
245 0 |a Ngày mai của những ngày mai 
245 0 |c Nguyễn Ngọc Tư 
260 |a Hà Nội 
260 |b Văn học 
260 |c 2015 
650 |a Vietnamese literature,Văn học Việt Nam 
650 |x Identifiable literary,Tạp văn 
904 |i Nhi,Hải 
980 |a Trung tâm Học liệu Trường Đại học Cần Thơ